00181nam a2200073Ia 4500008004100000100002300041245002100064260002200085190216s9999||||xx |||||||||||||| ||und|| aRajammal P Devadas 0aGriha Shashthram bKerala Basha Inst